000 04866cam a22003378i 4500
001 20783593
005 20191024114348.0
008 191024s2019 nyu b 001 0 eng d
010 _a 2018048847
020 _a9780231186421
020 _a9780231186438
020 _z9780231546638
040 _aCO-BoUCM
_bspa
_cSaul Niño
_dSaul Niño
041 0 _aeng
245 0 0 _aWorlds of journalism
_bjournalistic cultures around the globe
_cedited by Thomas Hanitzsch, Folker Hanusch, Jyotika Ramaprasad, and Arnold S. de Beer
260 _aNew York
_bColumbia University Press
_c2019
300 _a434 páginas
490 0 _aReuters Institute global journalism series
505 0 _aExploring the worlds of journalism: an introduction / Thomas Hanitzsch, Folker Hanusch, Jyotika Ramaprasad, and Arnold S. de Beer -- Journalistic culture in a global context: a conceptual roadmap / Thomas Hanitzsch, Laura Ahva, Martin Oller Alonso, Jesus Arroyave, Liesbeth Hermans, Jan Fredrik Hovden, Sallie Hughes, Beate Josephi, Jyotika Ramaprasad, Ivor Shapiro and Tim Vos -- Surveying journalists around the world: a methodological framework / Corinna Lauerer and Thomas Hanitzsch -- Profiles of journalists: demographic and employment patterns / Beate Josephi, Folker Hanusch, Martin Oller Alonso, Ivor Shapiro, Kenneth Andresen, Arnold de Beer, Abit Hoxha, Sonia Virgínia Moreira, Kevin Rafter, Terje Skjerdal, Sergio Splendore, and Edson C. Tandoc, Jr -- Perceived influences: journalists' awareness of pressures on their work / Thomas Hanitzsch, Jyotika Ramaprasad, Jesus Arroyave, Rosa Berganza, Liesbeth Hermans, Jan Fredrik Hovden, Filip Lab, Corinna Lauerer, Alice Tejkalová, and Tim P. Vos -- Editorial autonomy: journalists' perceptions of their freedom / Basyouni Hamada, Sallie Hughes, Thomas Hanitzsch, James Hollings, Corinna Lauerer, Jesus Arroyave, Verica Rupar and Sergio Splendore -- Role orientations: journalists' views on their place in society / Thomas Hanitzsch, Tim Vos, Olivier Standaert, Folker Hanusch, Jan Fredrik Hovden, Liesbeth Hermans and Jyotika Ramaprasad -- Ethical considerations: journalists' perceptions of professional practice / Jyotika Ramaprasad, Thomas Hanitzsch, Epp Lauk, Halliki Harro-Loit, Jan Fredrik Hovden, Jari Väliverronen, and Stephanie Craft -- Trust: journalists' reflections on changes in news work / Arjen van Dalen, Rosa Berganza, Thomas Hanitzsch, Adriana Amado, Beatriz Herrero, Beate Josephi, Sonja Seizova, Morten Skovsgaard, and Nina Steindl -- Transformations: journalists' reflections on changes in news work / Folker Hanusch, Edson C. Tandoc Jr., Dimitra Dimitrakopoulou, Nurhaya Muchtar, Kevin Rafter, Mireya Márquez Ramírez, Verica Rupar, and Vittoria Sacco -- Modelling journalistic cultures: a global approach / Folker Hanusch and Thomas Hanitzsch.
520 _a"How do journalists around the world view their own function and role in society? Based on a landmark study that has collected data from more than 25,000 journalists in 66 countries between 2012 and 2015, Worlds of Journalism examines the different ways journalists conceive of their responsibilities, their relationship to society and government, and the work they do. The authors conclude that there is no one conception of journalism and instead advance a global classification of journalistic cultures: the corporate libertarian model (e.g., U.S. and Australia); the public-service remit model (e.g., parts of continental Europe); the social interventionist model (e.g., parts of the Islamic World); the developmental faciliative model (e.g., parts of Africa and Asia); and the coercive heteronomy model (e.g., China and Russia). The book is organized around a series of key questions regarding journalists' autonomy, influences on their practice, journalism's role in society, journalists' trust in social institutions, and their perceptions about the ongoing transformation of journalism. Worlds of Journalism reveals how perceptions of journalism are created and re-created by journalists and how the practice of journalism is affected by different political, social, and economic institutions. The authors challenge essentialist ideas about journalism and provide an understanding of the diversity of worldviews and orientations of journalists in terms of roles, ethics, and influences"--
546 _aTexto en inglés
650 7 _aPeriodismo
_921340
650 7 _aReportajes
_923568
650 7 _aPeriodistas
_xActitudes
_935455
700 1 _aHanitzsch, Thomas
_d1969-
_eeditor
_998936
700 1 _aHanusch, Folker
_d1975-
_eeditor
_998937
700 1 _aRamaprasad, Jyotika
_d1949-
_eeditor
_998938
776 0 8 _iOnline version:
_tWorlds of journalism
_dNew York : Columbia University Press, [2019]
_z9780231546638
_w(DLC) 2018061249
942 _2DEWEY
_a24
_cLIBRO
_e1
_h070
_mW927j
999 _c314869
_d314869